Fictional Robots Quiz Stats

 Plays Quiz Updated Mar 16, 2020

Support Sporcle.
Go Orange.
Score 0/28 Timer 06:00
0 Plays Today
Character or Series Robot % Correct
2008 Pixar Movie (Title Character)WALL-E
92.2%
Star Wars (duo)R2-D2 and C-3PO
86.6%
FuturamaBender Bending Rodríguez
69.7%
Star Trek Next Generation (Lt. Commander)Data
44.4%
The Jetsons (Maid)Rosie
37.1%
Austin PowersFembots
36.9%
TerminatorT-800
34.5%
Short CircuitJohnny 5
32%
The Hitchhiker's Guide to the GalaxyMarvin the Paranoid Android
24.4%
Doctor Who (Companion)K-9 or Kamelion
19.4%
AliensBishop
14%
SpaceballsDot Matrix
12.7%
Mystery Science Theater 3000Tom Servo & Crow T. Robot
11.1%
Self Titled 1960's Japanese MangaAstro Boy
9.6%
Character or Series Robot % Correct
The Day the Earth Stood StillGort
9.5%
Forbidden PlanetRobby the Robot
8.1%
TekkenJack
6.7%
AlienAsh
6.5%
Blade Runner (Replicant's Leader)Roy Batty
5.8%
RoboCop VillainED-209
5.1%
Battlestar Galactica (#6)Caprica-Six
4.5%
Get SmartHymie the Robot
4.3%
Buck Rogers and the 21st CenturyTwiki
3.7%
MetropolisMaria
3%
Booster Golds robot companionSkeets
2.5%
Silent RunningHuey, Duey, and Louie
2.4%
SpaceCampJinx
1.5%
I, Robot (Eando Binder)Adam Link
0.5%

From the Vault

Months Consonants

by Flick

Here's a quiz that will help you get up-to-date.
Remove Ads.
Support Sporcle.
Get the best of Sporcle when you Go Orange. This ad-free experience offers more features, more stats, and more fun while also helping to support Sporcle. Thank you for becoming a member.

Show Comments

Extras

Top Quizzes Today


Score Distribution

Your Account Isn't Verified!

In order to create a playlist on Sporcle, you need to verify the email address you used during registration. Go to your Sporcle Settings to finish the process.

Report this User

Report this user for behavior that violates our Community Guidelines.

Details: